000
00298nam a2200133Ia 4500
005
20251222154403.0
008
251222s9999||||xx |||||||||||||| ||spa||
020
_a
84-8280-997-0
082
_a
891.73/G74
100
_a
Gorki, Máximo
245
0
_a
La Madre
264
_b
Oveja Negra
942
_c
LIB
999
_c
35355
_d
35355